Die verlorene Geliebte (Record no. 9402)

MARC details
000 -CABECERA
campo de control de longitud fija 00609nam a2200217 a 4500
001 - NÚMERO DE CONTROL
campo de control BRL_590
005 - FECHA Y HORA DE LA ÚLTIMA TRANSACCIÓN
campo de control 20190320210819.0
008 - DATOS DE LONGITUD FIJA--INFORMACIÓN GENERAL
campo de control de longitud fija 060913s1958----gw-#######---#000-0#ger-#
041 ## - CÓDIGO DE LENGUA
Código de lengua del texto/banda sonora o título independiente ger
044 ## - CÓDIGO DEL PAÍS DE LA ENTIDAD EDITORA/PRODUCTORA
Código MARC del país gw
050 #4 - SIGNATURA TOPOGRÁFICA DE LA BIBLIOTECA DEL CONGRESO
Número de clasificación PT743
Número de documento/Ítem .U79 1958
100 1# - ENTRADA PRINCIPAL--NOMBRE DE PERSONA
Nombre de persona Urzidil, Johannes
9 (RLIN) 24374
245 10 - MENCIÓN DE TÍTULO
Título Die verlorene Geliebte
Resto del título Begenungen in golden Prag
Mención de responsabilidad, etc. Johannes Urzidil.
260 ## - PUBLICACIÓN, DISTRIBUCIÓN, ETC.
Lugar de publicación, distribución, etc. Alemania
Nombre del editor, distribuidor, etc. Herder-Bücherei
Fecha de publicación, distribución, etc. 1958
300 ## - DESCRIPCIÓN FÍSICA
Extensión 205 p.
Dimensiones 18 cm.
500 ## - NOTA GENERAL
Nota general Au682
500 ## - NOTA GENERAL
Nota general Portada ligeramente desprendida en la parte superior.
650 14 - PUNTO DE ACCESO ADICIONAL DE MATERIA--TÉRMINO DE MATERIA
Término de materia o nombre geográfico como elemento de entrada Novela romántica
9 (RLIN) 24375
902 ## - CATALOGADOR
Iniciales GRL
942 ## - ELEMENTOS DE PUNTO DE ACCESO ADICIONAL (KOHA)
Fuente del sistema de clasificación o colocación Library of Congress Classification
Tipo de ítem Koha Libros
Holdings
Estado de retiro Estado de pérdida Estado dañado No para préstamo Localización permanente Ubicación/localización actual Fecha de adquisición Número de inventario Total de préstamos Signatura topográfica completa Código de barras Fecha visto por última vez Precio válido a partir de Tipo de ítem Koha
El ejemplar forma parte de la colección y puede ser consultado según las políticas vigentes.       Biblioteca Centro de Estudios Ruth D. Lechuga Biblioteca Centro de Estudios Ruth D. Lechuga 06/09/2013 Au682   PT743 .U79 1958 (Au682) GRL00647 22/03/2019 22/03/2019 Libros